Országos vásar
Negatívne hodnotenie krajinského jarmoku v Humennom 11. augusta 1909. Šiatrový tovar a kupujúci skoro žiadny. Predaj dobytka - prehľady početné.
| Médium: | Článok |
|---|---|
| Jazyk: | Hungarian |
| Témy: | |
| Zdroj: |
1. Felvidéki Hirlap 1. Roč. 2, č. 33 (15.08.1909) s. 2 |
| LEADER | 00865nab#a2200301#ar4500 | ||
|---|---|---|---|
| 001 | 000073347 | ||
| 003 | SVKKK | ||
| 005 | 20040107xxxxxxx. | ||
| 008 | 06 c xo huno | ||
| FMT | |||
| 038 | |a SVKKK | ||
| 040 | |a SVKKK |b slo |e AACR2 | ||
| 041 | 0 | |a hun | |
| 044 | |a xo |c SK | ||
| 080 | |a 394.6 | ||
| 242 | 1 | 0 | |a Krajinský jarmok |
| 245 | 0 | 0 | |a Országos vásar |
| 500 | |a mikrofilm | ||
| 520 | 2 | |a Negatívne hodnotenie krajinského jarmoku v Humennom 11. augusta 1909. Šiatrový tovar a kupujúci skoro žiadny. Predaj dobytka - prehľady početné. | |
| 650 | 0 | 4 | |a jarmoky - jarmok krajinský - Humenné - 11.08.1909 - hodnotenie negatívne - glosa |
| 773 | 0 | |t Felvidéki Hirlap |g Roč. 2, č. 33 (15.08.1909) s. 2 | |
| 957 | |a Humenné | ||
| 958 | |a DG | ||
| 958 | |a SK | ||
| 974 | |a Ba |d 20040107 | ||
| 992 | |a RBX | ||
| BAS | |||
| 998 | |a RETRO | ||